000 00915nam a2200253Ia 4500
003 OSt
005 20220923224537.0
006 a|||||r|||| 00| 0
007 ta
008 220922b |||||||| |||| 00| 0 hin d
020 _c250
024 _a241,165
037 _b484, 02/03/2010, Vani Prakashan
_cTextual
040 _aARTS
_cARTS
_bhin
041 _2hin
_ahin
082 _aV2:5.L, J0;P4
100 _aउपाध्याय, भगवत शरण
245 0 _aभारतीय समाज का ऐतिहासिक विश्लेषण
246 _aBhāratīya samāj kā aitihāsik vishleṣhaṇa
260 _aनयी दिल्ली
_b वाणी प्रकाशन
_c2004
300 _a206पृ.
_ccm.
942 _hV2:5.L, J0;P4
_cTEXL
_2CC
999 _c372099
_d372099